Statistics for Name the River

Click here to take the quiz!

General Stats

  • This quiz has been taken 51 times
  • The average score is 11 of 20

Answer Stats

LenghtCountry/CountriesRiver% Correct
6 400 kmPeru, Colombia, Brazil, EcuadorAmazon
97%
6 650 kmEthiopia, Sudan, Egypt, Rwanda, Tanzania, Uganda, Burundi, Congo-Kinshasa, KenyaNile
97%
6 380 kmChinaYangtze
95%
2 860 kmGermany, Austria, Slovakia, Hungary, Moldova, Serbia, Romania, Bulgaria, Croatia, UkraineDanube
87%
3 034 kmUnited States, MexicoRio Grande
79%
3 692 kmRussiaVolga
79%
4 090 kmUnited StatesMissouri
63%
3 200 kmChina, Pakistan, IndiaIndus
61%
4 180 kmGuinea, Mali, Niger, Benin, NigeriaNiger
61%
3 650 kmRussiaOb
53%
1 900 kmTurkey, Syria, IraqTigris
53%
1 013 kmFranceLoire
50%
2 574 kmBotswana, Zimbabwe, Mozambique, Malawi, TanzaniaZambezi
50%
1 091 kmCzech Republic, GermanyElbe
47%
4 352 kmRussia, ChinaAmur
37%
1 738 kmCanadaMackenzie
32%
2 000 kmCanada, United StatesColumbia
29%
1 750 kmSouth Africa, Mozambique, ZimbabweLimpopo
21%
2 550 kmBrazil, Paraguay, Argentina, BoliviaParaguay
21%
2 197 kmChinaXi
0%

Score Distribution

Percentile by Number Answered

Percent of People with Each Score

Your Score History

You have not taken this quiz